000 00327nam a2200133Ia 4500
008 240624s9999 xx 000 0 und d
041 _aeng
082 _a658.4038 ODE
100 _aO DELL CARLA
245 _aKNOWLEDGE MANAGEMENT
260 _aNew Delhi
_bTata McGraw - Hill
300 _a67 : p. : cm. ; 22
365 _cRS
_b33
999 _c25797
_d25797